000 00338 a2200157 4500
001 167819
020 _a
040 _cMagnum
100 _aCandido, Suzana Laino
240 1 0 _aTravessuras de triangulo
_lpor
245 1 0 _aTravessuras de triangulo
362 0 _a1899
440 1 _aModerna
697 _aIJ/PARADIDATICO
942 _cBK
999 _c167819
_d167819